[Event "NOR-ch Youth 2019"]
[Site "Skien"]
[Date "2019.11.08"]
[Round "2.12"]
[White "Unneland, Mathias"]
[Black "Elmi, Saad Abobaker"]
[Result "1-0"]
[WhiteElo "2029"]
[BlackElo "1612"]
[Annotator "NA RC"]
[PlyCount "125"]
[EventDate "2019.11.08"]
[EventType "swiss"]
[EventCountry "NOR"]
[SourceTitle "playchess.com"]
[Source "ChessBase"]
[SourceQuality "1"]
[TimeControl "2400+10"]

{[%evp 13,105,53,36,13,50,32767,32767,32767,32767,32767,32767,72,87,30,44,35,51,42,32767,43,132,93,245,203,193,209,209,-330,297,28,320,332,651,-108,1919,5768,29995,251,669,310,32767,32767,725,715,675,817,831,32767,32767,32767,32767,32767,32767,783,820,882,925,1027,1246,32767,931,985,905,32767,901,1069,1105,1193,1185,2050,32767,32767,32767,32767,1206,1255,32767,2943,5265,29976,29982,29987,29991,29992,32767,32767,32767,32767,32767,32767,32767,32767,29994,29990]} 1. d4 {[%emt 0:00:00]} Nf6 {[%emt 0:00:00]} 2. c4 {[%emt 0:00:00]} e6 {[%emt 0:00:00]} 3. Nf3 {[%emt 0:00:00]} d5 {[%emt 0:00:00]} 4. Nc3 {[%emt 0:00:00]} Be7 {[%emt 0:00:00]} 5. Bf4 {[%emt 0:00:00]} O-O {[%emt 0:00:05]} 6. e3 {[%emt 0:00:00]} a6 {[%emt 0:00:12]} 7. Rc1 {[%emt 0:00:21]} dxc4 {[%emt 0:00:16]} 8. Bxc4 {[%emt 0:00:03]} c5 {[%emt 0:00:02] D37: Queen's Gambit Declined: 5 Bf4} (8... b5 9. Bd3 Bb7 10. Qc2 Nbd7 11. Ng5 h6 12. Nh7 Re8 13. Nxf6+ Bxf6 14. Bh7+ Kh8 15. Be4 Bxe4 16. Nxe4 {½-½ (64) Svane,R (2526)-Kovalenko,I (2644) Gjakova 2016}) 9. dxc5 {[%emt 0:01:29]} Bxc5 {[%emt 0:00:31]} 10. O-O {[%emt 0:00:21]} Nc6 {[%emt 0:00:17]} 11. Qe2 $146 {[%emt 0:01:36]} ({Predecessor:} 11. Qc2 h6 12. a3 Qe7 13. Na4 Bd6 14. Nb6 Rb8 15. Bxd6 Qxd6 16. Rfd1 {½-½ (40) Soeder,T (2024)-Schwarzmann,T (1905) Bayern 2015}) 11... b5 {[%emt 0:00:21]} 12. Rfd1 {[%emt 0:08:57]} Qb6 $1 {[%emt 0:00:35]} 13. Bd3 {[%emt 0:00:01]} Bb7 {[%emt 0:00:16]} 14. Ne4 {[%emt 0:00:28]} Be7 $1 {[%emt 0:00:15]} 15. Nfg5 {[%emt 0:01:17]} Nxe4 {[%emt 0:00:37]} 16. Bxe4 {[%emt 0:00:54]} h6 {[%emt 0:00:58]} (16... Bxg5 $1 $14 17. Bxg5 Ne5) 17. Qh5 {[%emt 0:06:28]} e5 $2 {[%emt 0:01:38] [#]} (17... Rad8 $16 {was necessary.}) 18. Nxf7 $1 {[%emt 0:03:13]} Rxf7 {[%emt 0:01:44] [#]} 19. Qg6 $1 {[%emt 0:01:13]} Bf6 {[%emt 0:00:47] [#]} ({Much worse is} 19... Rf6 $6 20. Qh7+ Kf7 21. Bd5+ Ke8 22. Bf3 $16) 20. Bxh6 $4 {[%emt 0:02:36]} (20. Rd6 $1 $18 {is the narrow road to win.} Rd8 21. Bd5 {[%mdl 64] Pin}) 20... Nb4 $4 {[%emt 0:02:07]} (20... Ne7 $19 21. Qg4 (21. Qh7+ $2 Kf8 $19) 21... Bxe4 22. Qxe4 Raf8) 21. Qh7+ {[%emt 0:00:44]} Kf8 {[%emt 0:00:07]} 22. Bg6 {[%emt 0:01:01]} Rc7 $2 {[%emt 0:00:36]} (22... Rd8) 23. a3 $2 {[%emt 0:05:14]} (23. Rxc7 $18 Qxc7 {[#]} 24. Bg5 $1 {[%mdl 512]}) 23... Nc6 $2 {[%emt 0:01:41] [#]} (23... Nd5 $17 24. Qh8+ Ke7) 24. Rd6 $1 {[%emt 0:01:06]} Ne7 {[%emt 0:16:30]} 25. Rxf6+ $2 {[%emt 0:02:34]} (25. Rxb6 $2 {leads to mate.} Rxc1#) (25. Qh8+ {mates} Ng8 26. Rxc7 (26. Rxb6 $2 {gets mated.} Rxc1#) 26... Qxc7 27. Rxf6+ Ke7 28. Qxg7+ Kd8 29. Rf8#) 25... Qxf6 {[%emt 0:00:09]} 26. Qh8+ {[%emt 0:00:02]} ({Less strong is} 26. Rxc7 Bd5 $18) 26... Ng8 {[%emt 0:01:04]} 27. Rxc7 {[%emt 0:00:08]} gxh6 {[%emt 0:01:18]} 28. Rf7+ {[%emt 0:00:06]} ({Worse is} 28. Rxb7 Qxg6 29. h3 Qf6 $11) 28... Qxf7 {[%emt 0:00:22]} 29. Bxf7 {[%emt 0:00:02]} Rd8 {[%emt 0:00:07]} 30. h3 {[%emt 0:01:26]} Kxf7 {[%emt 0:00:01]} 31. Qh7+ {[%emt 0:00:02]} Kf6 {[%emt 0:00:03]} 32. Qxb7 {[%emt 0:00:04]} Rd6 {[%emt 0:00:02]} 33. Qh7 {[%emt 0:00:11]} Rd8 {[%emt 0:00:20]} 34. e4 {[%emt 0:00:37]} Ne7 {[%emt 0:00:08]} 35. Qxh6+ {[%emt 0:00:03]} Ng6 {[%emt 0:00:02]} 36. Qh5 {[%emt 0:00:11]} Rh8 {[%emt 0:00:40]} 37. Qf5+ {[%emt 0:00:03]} Kg7 {[%emt 0:00:01]} 38. Qd7+ {[%emt 0:00:22]} Kh6 {[%emt 0:00:09]} 39. g3 {[%emt 0:00:13]} Rb8 {[%emt 0:00:41]} 40. h4 {[%emt 0:00:13]} Rb6 {[%emt 0:00:08]} 41. Qd8 {[%emt 0:00:15]} Re6 {[%emt 0:00:35]} 42. Qg5+ {[%emt 0:00:03]} Kh7 {[%emt 0:00:02]} 43. h5 {[%emt 0:00:01]} Nf8 {[%emt 0:00:05]} 44. Qf5+ {[%emt 0:00:48]} Kg7 {[%emt 0:00:08]} 45. g4 {[%emt 0:00:13]} Rf6 {[%emt 0:00:15]} 46. Qxe5 {[%emt 0:00:04]} Nd7 {[%emt 0:00:01] [#]} 47. Qd4 $1 {[%emt 0:00:01]} Kh6 {[%emt 0:01:55]} 48. Qxd7 {[%emt 0:00:07]} Rf4 {[%emt 0:00:15]} 49. Qd2 {[%emt 0:00:04]} Kg5 {[%emt 0:00:02]} 50. h6 {[%emt 0:00:07]} Kxg4 {[%emt 0:00:08]} 51. h7 {[%emt 0:00:04]} Rf8 {[%emt 0:00:02]} 52. Qd7+ {[%emt 0:00:04]} Kh5 {[%emt 0:00:05]} 53. Qh3+ {[%emt 0:00:07]} Kg6 {[%emt 0:00:03]} 54. h8=Q {[%emt 0:00:04]} Rxh8 {[%emt 0:00:02]} 55. Qxh8 {[%emt 0:00:03]} Kf7 {[%emt 0:00:10]} 56. f4 {[%emt 0:00:02]} Ke6 {[%emt 0:00:01]} 57. Qh6+ {[%emt 0:00:02]} Kf7 {[%emt 0:00:01]} 58. f5 {[%emt 0:00:01]} Ke7 {[%emt 0:00:01]} 59. Qe6+ {[%emt 0:00:02]} Kf8 {[%emt 0:00:01]} 60. Qd7 {[%emt 0:00:01]} a5 {[%emt 0:00:10]} 61. f6 {[%emt 0:00:01]} b4 {[%emt 0:00:01]} 62. Qe7+ {[%emt 0:00:01]} Kg8 {[%emt 0:00:01]} 63. Qg7# {[%emt 0:00:02]} 1-0

[Event "NOR-ch Youth 2019"]
[Site "Skien"]
[Date "2019.11.08"]
[Round "2.13"]
[White "Borlaug, Jonas Kleppe"]
[Black "Kvaloy, Aksel Bu"]
[Result "0-1"]
[WhiteElo "1455"]
[BlackElo "2209"]
[Annotator "TA"]
[PlyCount "38"]
[EventDate "2019.11.08"]
[EventType "swiss"]
[EventCountry "NOR"]
[SourceTitle "playchess.com"]
[Source "ChessBase"]
[SourceQuality "1"]

{[%evp 9,38,4,27,32,45,39,40,15,20,20,43,38,52,0,19,34,18,25,22,-32,0,-27,-22,-51,-53,-82,-73,-75,-53,-1055,-1059]} 1. e4 c5 2. Nf3 d6 3. c3 Nf6 4. Qc2 g6 5. d4 cxd4 (5... Bg7 6. dxc5 dxc5 7. h3 O-O 8. Bf4 Nc6 9. Bh2 a6 10. a4 Be6 11. Nbd2 Na5 12. Be2 Qb6 13. O-O {0-1 (108) Pap,G (2542)-Li,C (2751) Graz 2016}) 6. cxd4 {B50: Sicilian: 2...d6, Miscellaneous} Bg4 7. Be2 (7. Bb5+ {keeps more tension.} Nbd7 8. Be2 Rc8 9. Nc3 Qb6 10. Qa4) 7... Nc6 8. d5 $146 {White is slightly better.} ({Predecessor:} 8. Bb5 Rc8 9. d5 a6 10. Bxc6+ bxc6 11. dxc6 Qa5+ 12. Bd2 Qc5 13. Qxc5 dxc5 {0-1 (29) Do Hoang Minh,T-Pham,H Ho Chi Minh City 2005}) 8... Bxf3 9. Bxf3 Ne5 10. Be2 Bg7 11. Bf4 (11. Nc3 $14) 11... Nfd7 12. Nc3 O-O 13. O-O Rc8 14. Qd2 (14. Rac1 $11) 14... Nb6 15. Bxe5 Bxe5 16. f4 Bg7 17. f5 Nc4 18. Bxc4 Rxc4 19. Qe3 $2 {[%mdl 8192] [#]} (19. Kh1 $15) 19... Bd4 {Accuracy: White = 17%, Black = 48%.} 0-1

[Event "NOR-ch Youth 2019"]
[Site "Skien"]
[Date "2019.11.08"]
[Round "2.14"]
[White "Tunsjo, Axel"]
[Black "Skaar, Ben Samuel Groth"]
[Result "1-0"]
[WhiteElo "2038"]
[BlackElo "1475"]
[Annotator "NA RC"]
[PlyCount "67"]
[EventDate "2019.11.08"]
[EventType "swiss"]
[EventCountry "NOR"]
[SourceTitle "playchess.com"]
[Source "ChessBase"]
[SourceQuality "1"]
[TimeControl "2400+10"]

{[%evp 18,67,-25,-73,-69,-116,-68,32767,-79,-106,-72,-68,-65,-79,-56,-57,-47,32767,-15,-44,-22,-30,0,0,6,-16,-18,-11,21,-33,16,-20,-33,-141,126,106,122,42,90,-43,413,383,539,32767,32767,32767,32767,32767,32767,32767,29998,29999]} 1. e4 {[%emt 0:00:00]} c5 {[%emt 0:00:00]} 2. Nf3 {[%emt 0:00:00]} Nc6 {[%emt 0:00:00]} 3. b3 {[%emt 0:00:40]} d6 {[%emt 0:00:36]} 4. Bb2 {[%emt 0:00:05]} Nf6 {[%emt 0:00:06]} 5. Nc3 {[%emt 0:00:32]} g6 {[%emt 0:00:54]} 6. Bc4 {[%emt 0:03:18] B50: Sicilian: 2...d6, Miscellaneous} (6. Nd5 e5 7. Nxf6+ Qxf6 8. c3 Bg7 9. a3 O-O 10. b4 Re8 11. Bc4 Be6 12. d3 Rad8 13. Bc1 h6 14. Bxe6 Qxe6 {1-0 (50) Firman,N (2516)-Libiszewski,F (2523) Porto Rio 2015}) 6... Bg7 {[%emt 0:00:44]} 7. h3 {[%emt 0:00:17]} Bd7 {[%emt 0:00:12]} 8. Qe2 $146 {[%emt 0:00:31]} ({Predecessor:} 8. d4 cxd4 9. Nxd4 O-O 10. O-O Nxd4 11. Qxd4 Bc6 12. Nd5 Nh5 13. Qe3 Bxb2 14. Rad1 Bg7 15. g4 Nf6 16. Nc3 Qc7 17. g5 Nh5 18. f4 Qb6 19. Rd3 Qxe3+ 20. Rxe3 Bd4 {0-1 (20) Perafan,J-Lescano,T La Pampa 2015}) 8... a6 {[%emt 0:00:48]} 9. a4 {[%emt 0:00:03]} Rc8 {[%emt 0:04:18]} (9... O-O $17) 10. O-O {[%emt 0:00:11]} (10. Nd5 $1 $11) 10... O-O {[%emt 0:00:03]} 11. Rad1 {[%emt 0:01:48]} Re8 {[%emt 0:01:47]} 12. Rfe1 {[%emt 0:00:38]} Nh5 {[%emt 0:04:35]} 13. Qf1 {[%emt 0:04:59]} Nf4 {[%emt 0:03:15]} 14. Rc1 {[%emt 0:03:52]} Ne6 {[%emt 0:07:17]} 15. Nd1 {[%emt 0:00:46]} Ned4 {[%emt 0:00:50]} 16. Nxd4 {[%emt 0:00:12]} Nxd4 {[%emt 0:00:03]} 17. c3 {[%emt 0:00:10]} Ne6 {[%emt 0:00:50]} 18. f4 {[%emt 0:01:40]} (18. Bxe6 $5 fxe6 19. Ne3 $15) 18... Bh6 {[%emt 0:02:49]} (18... b5 $5 19. axb5 axb5 $15) 19. g3 {[%emt 0:00:59]} Rf8 {[%emt 0:01:01]} 20. Ne3 {[%emt 0:00:14]} Rb8 {[%emt 0:01:04]} 21. d4 {[%emt 0:01:55]} b5 {[%emt 0:02:00]} 22. axb5 {[%emt 0:00:25]} Bxb5 {[%emt 0:00:01]} 23. Rcd1 {[%emt 0:02:55]} Rb7 {[%emt 0:06:05]} (23... cxd4 $15 24. cxd4 Bxc4 25. Qxc4 Qb6) 24. Ng4 {[%emt 0:00:56]} Bg7 {[%emt 0:00:29]} 25. f5 {[%emt 0:00:06]} (25. Bc1 $11 {keeps the balance.}) 25... Nc7 $2 {[%emt 0:00:30]} (25... Bxc4 $17 {stays on course.} 26. Qxc4 {[%mdl 64] Double Attack} Ng5) 26. dxc5 {[%emt 0:00:11]} Ne8 {[%emt 0:00:43]} 27. cxd6 {[%emt 0:00:29]} Nxd6 {[%emt 0:00:20]} 28. Qf2 {[%emt 0:03:09]} (28. Bxb5 $14 Qb6+ 29. Kh2 Nxb5 30. e5 gxf5 31. Qxf5) 28... Qb8 $18 {[%emt 0:00:30] [#]} (28... Bxc4 $11 29. f6 exf6 30. bxc4 Nxe4 31. Rxd8 Nxf2 32. Rxf8+ Bxf8 33. Nxf6+ Kg7 34. Ne8+ Kh8 35. Kxf2 Rxb2+ 36. Ke3 Rh2) 29. Bd5 $1 {[%emt 0:00:22]} Rc7 {[%emt 0:00:17]} 30. c4 {[%emt 0:00:26]} Bc6 {[%emt 0:00:27]} 31. Bxg7 {[%emt 0:00:09]} Kxg7 {[%emt 0:00:01]} 32. f6+ {[%emt 0:00:04]} Kh8 {[%emt 0:00:56]} 33. fxe7 {[%emt 0:00:03]} Re8 {[%emt 0:00:12]} 34. Qf6+ {[%emt 0:00:03] Double Attack} 1-0

[Event "NOR-ch Youth 2019"]
[Site "Skien"]
[Date "2019.11.08"]
[Round "2.15"]
[White "Skauen, Thomas Kirkholm"]
[Black "Eliseev, Sergey"]
[Result "0-1"]
[WhiteElo "1439"]
[BlackElo "1911"]
[Annotator "NA RC"]
[PlyCount "156"]
[EventDate "2019.11.08"]
[EventType "swiss"]
[EventCountry "NOR"]
[SourceTitle "playchess.com"]
[Source "ChessBase"]
[SourceQuality "1"]
[TimeControl "2400+10"]

{[%evp 9,156,0,0,11,32767,32767,32767,32767,32767,32767,32767,32767,32767,-18,-19,-20,-4,-24,0,0,0,0,-3,0,0,0,0,0,0,-80,-83,-69,-74,-74,-73,-89,-79,-105,-111,-102,-110,32767,32767,-143,-156,-154,-145,-137,-158,-364,-101,-107,-106,-100,-96,-96,-86,32767,32767,32767,32767,32767,-159,-236,-196,-202,-224,-190,32767,32767,32767,32767,32767,32767,32767,32767,32767,32767,32767,32767,32767,32767,32767,32767,32767,32767,32767,-287,-175,32767,32767,32767,32767,32767,32767,-77,-41,-295,-343,32767,32767,32767,32767,32767,-625,-689,-887,-1270,-4562,-1169,-5612,-7427,-8336,-3485,-29967,-11608,-29969,-29968,-29975,-29971,32767,32767,32767,32767,32767,32767,32767,-29980,-29983,-29981,-29981,-29985,-29983,-29983,-29984,-29985,-27996,-29986,-29987,-29987,-27997,-29988,32767,32767,32767,32767,-29984,32767,-27999]} 1. c4 {[%emt 0:00:00]} c5 {[%emt 0:00:00]} 2. Nc3 {[%emt 0:00:00]} Nc6 {[%emt 0:00:05]} 3. g3 {[%emt 0:00:08]} g6 {[%emt 0:00:02]} 4. Bg2 {[%emt 0:00:10]} Bg7 {[%emt 0:00:02]} 5. e3 {[%emt 0:00:37]} e6 {[%emt 0:00:09]} 6. Nge2 {[%emt 0:00:11]} Nge7 {[%emt 0:00:29]} 7. O-O {[%emt 0:00:30]} O-O {[%emt 0:00:31]} 8. a3 {[%emt 0:01:34]} d5 {[%emt 0:03:31]} 9. cxd5 {[%emt 0:00:27]} Nxd5 {[%emt 0:00:02]} 10. Nxd5 {[%emt 0:01:14] A36: Symmetrical English vs ...g6: 4 Bg2 Bg7} exd5 {[%emt 0:00:01]} 11. d4 {[%emt 0:00:18]} cxd4 $1 {[%emt 0:01:19]} 12. Nxd4 {[%emt 0:00:33]} Nxd4 {[%emt 0:00:02]} 13. exd4 {[%emt 0:00:13]} Be6 {[%emt 0:01:20]} (13... Qb6 14. Bxd5 Bxd4 {½-½ (14) Vegh,E (2274)-Farago,S (2264) Budapest 2016}) 14. Be3 {[%emt 0:00:22]} Qb6 $146 {[%emt 0:01:48]} ({Predecessor:} 14... Rc8 15. Qb3 Rc4 16. Rfd1 Qd7 17. Rac1 Rfc8 18. Rxc4 dxc4 19. Qxb7 Qxb7 20. Bxb7 {½-½ (45) Veelders,W (1484)-Hartmann,E (1732) Chemnitz 2009}) 15. Qd2 {[%emt 0:01:20]} Rfc8 {[%emt 0:02:26]} 16. Rfc1 {[%emt 0:00:47]} Rc6 {[%emt 0:00:44]} 17. Rxc6 {[%emt 0:01:43]} bxc6 {[%emt 0:01:55]} 18. Rc1 {[%emt 0:03:04]} a5 {[%emt 0:02:02]} 19. b4 {[%emt 0:02:59]} (19. h4 $11 {remains equal.}) 19... axb4 {[%emt 0:00:38]} 20. Qxb4 {[%emt 0:00:14]} Qxb4 {[%emt 0:01:14]} 21. axb4 {[%emt 0:00:04]} Ra4 {[%emt 0:03:25]} 22. Rb1 {[%emt 0:09:55]} Bf8 {[%emt 0:04:56]} 23. Bd2 {[%emt 0:07:56]} Bf5 {[%emt 0:02:33]} 24. Rc1 {[%emt 0:04:24]} Bxb4 {[%emt 0:00:20]} 25. Bxb4 {[%emt 0:01:33]} Rxb4 {[%emt 0:00:03]} 26. Kf1 {[%emt 0:01:17]} Bd3+ {[%emt 0:06:46]} 27. Ke1 {[%emt 0:00:54]} Bb5 {[%emt 0:00:13]} 28. Rd1 {[%emt 0:00:27]} Kf8 {[%emt 0:01:41]} 29. Bf1 $2 {[%emt 0:00:41] [#]} (29. Rd2 {was worth a try.}) 29... Bxf1 $2 {[%emt 0:00:02]} (29... Ba4 $1 $19 {[%cal Ra4d1] is more deadly.} 30. Rc1 Rxd4) 30. Kxf1 {[%emt 0:00:09]} Ke7 {[%emt 0:00:43]} 31. Ke2 {[%emt 0:00:43]} Kd6 {[%emt 0:01:20]} 32. Ke3 {[%emt 0:00:11]} Kc7 {[%emt 0:02:27]} 33. f4 {[%emt 0:00:34]} Rb3+ {[%emt 0:00:07]} 34. Kf2 {[%emt 0:00:01]} Rb2+ {[%emt 0:00:01]} 35. Kg1 {[%emt 0:00:02]} Rb4 {[%emt 0:00:22]} 36. Kf1 {[%emt 0:00:06]} Kb6 {[%emt 0:00:10]} 37. Rd2 {[%emt 0:00:17]} Kb5 {[%emt 0:00:19]} 38. Kg2 {[%emt 0:00:05]} Rc4 {[%emt 0:01:05]} 39. Kh3 {[%emt 0:00:04]} f5 {[%emt 0:00:17]} 40. g4 {[%emt 0:00:12]} fxg4+ {[%emt 0:00:17]} 41. Kxg4 {[%emt 0:00:01]} Kb4 {[%emt 0:00:01]} 42. Kg5 {[%emt 0:00:09]} Rc3 {[%emt 0:00:32]} 43. h4 {[%emt 0:00:26]} Rh3 {[%emt 0:00:19]} 44. Rc2 {[%emt 0:00:11]} Kb5 {[%emt 0:00:05]} 45. Rc5+ {[%emt 0:00:02]} Kb6 {[%emt 0:00:03]} 46. Rc2 $1 $11 {[%emt 0:00:06]} Rd3 {[%emt 0:00:06]} 47. Rf2 {[%emt 0:00:23]} Rh3 {[%emt 0:00:19]} 48. Rd2 $2 {[%emt 0:00:12]} Rh1 {[%emt 0:00:05]} (48... Rg3+ $142 49. Kh6 Rh3 50. Rb2+ Kc7 51. Kxh7 Rxh4+ {[%mdl 64] Double Attack} 52. Kxg6 Rxf4) 49. Rb2+ {[%emt 0:00:06]} Ka6 {[%emt 0:00:10]} 50. Rc2 {[%emt 0:00:13]} Kb5 {[%emt 0:00:01]} 51. Rc5+ {[%emt 0:00:06]} Kb6 {[%emt 0:00:02]} 52. Rc2 {[%emt 0:00:06]} Rg1+ $2 {[%emt 0:00:57]} (52... Rd1 $19 53. h5 Rf1) 53. Kh6 $2 {[%emt 0:00:05]} (53. Kf6 $17) 53... Rg4 {[%emt 0:00:01]} 54. Kxh7 {[%emt 0:00:37]} Rxh4+ {[%emt 0:00:01]} 55. Kxg6 {[%emt 0:00:01]} Rxf4 {[%emt 0:00:01]} 56. Rd2 {[%emt 0:00:01]} Kb5 {[%emt 0:00:15]} 57. Kg5 {[%emt 0:00:01]} Rf1 {[%emt 0:00:11]} 58. Kg4 {[%emt 0:00:21]} Kc4 {[%emt 0:00:07]} 59. Rc2+ {[%emt 0:00:10]} Kxd4 {[%emt 0:00:04]} 60. Rxc6 {[%emt 0:00:01]} Kd3 {[%emt 0:00:04]} 61. Ra6 {[%emt 0:00:10]} d4 {[%emt 0:00:10]} 62. Rd6 {[%emt 0:00:15]} Ke3 {[%emt 0:00:07]} 63. Re6+ {[%emt 0:00:03]} Kd2 {[%emt 0:00:02]} 64. Rd6 {[%emt 0:00:19]} d3 {[%emt 0:00:01]} 65. Kg3 {[%emt 0:00:07]} Rf8 {[%emt 0:00:14]} 66. Rd7 {[%emt 0:00:23]} Ke2 {[%emt 0:00:03]} 67. Re7+ {[%emt 0:00:03]} Kd1 {[%emt 0:00:01]} 68. Rd7 {[%emt 0:00:13]} d2 {[%emt 0:00:02]} 69. Rc7 {[%emt 0:00:10]} Rf6 {[%emt 0:00:31]} 70. Re7 {[%emt 0:00:17]} Rf5 {[%emt 0:00:15]} 71. Kg4 {[%emt 0:00:07]} Rc5 {[%emt 0:00:15]} 72. Ra7 {[%emt 0:00:19]} Kc2 {[%emt 0:00:07]} 73. Ra2+ {[%emt 0:00:07]} Kd3 {[%emt 0:00:02]} 74. Ra3+ {[%emt 0:00:12]} Rc3 {[%emt 0:00:12]} 75. Ra1 {[%emt 0:00:13]} Rc1 {[%emt 0:00:02]} 76. Ra3+ {[%emt 0:00:01]} Kc4 {[%emt 0:00:07]} 77. Ra4+ {[%emt 0:00:09]} Kc3 {[%emt 0:00:03]} 78. Ra3+ {[%emt 0:00:09]} Kb2 {[%emt 0:00:03]} 0-1

[Event "NOR-ch Youth 2019"]
[Site "Skien"]
[Date "2019.11.08"]
[Round "2.16"]
[White "Olsen, William Alexander"]
[Black "Fiskaaen, Martin Holten"]
[Result "1-0"]
[WhiteElo "1842"]
[BlackElo "1190"]
[Annotator "NA RC"]
[PlyCount "113"]
[EventDate "2019.11.08"]
[EventType "swiss"]
[EventCountry "NOR"]
[SourceTitle "playchess.com"]
[Source "ChessBase"]
[SourceQuality "1"]
[TimeControl "2400+10"]

{[%evp 12,100,43,-8,-8,0,45,48,49,0,119,110,116,107,115,118,112,105,106,32767,87,81,123,93,93,93,109,89,90,84,95,76,85,73,87,58,105,107,32767,32767,77,76,85,75,167,166,166,36,32767,32767,32767,97,100,98,102,105,129,115,147,145,150,32767,32767,32767,32767,32767,32767,32767,32767,32767,32767,32767,32767,32767,32767,1921,12843,29963,29977,29951,29969,32767,32767,12847,12849,12847,12847,29991,29991,12848,29990]} 1. Nf3 {[%emt 0:00:00]} d5 {[%emt 0:00:00]} 2. c4 {[%emt 0:00:00]} c6 {[%emt 0:00:44]} 3. cxd5 {[%emt 0:00:09]} cxd5 {[%emt 0:00:12]} 4. d4 {[%emt 0:00:04]} Nf6 {[%emt 0:01:53]} 5. Nc3 {[%emt 0:00:06]} Nc6 {[%emt 0:02:24]} 6. Bf4 {[%emt 0:01:20]} Qb6 {[%emt 0:06:01]} 7. Qb3 {[%emt 0:04:45]} Qxb3 {[%emt 0:05:11] D13: Slav Defence: Exchange variation without ...Bf5} 8. axb3 {[%emt 0:00:01]} a6 {[%emt 0:12:05]} (8... e6 $11 9. e3 Bb4 10. Bd3 Bd7 11. Ke2 Ke7 12. h3 Rhc8 13. g4 {0-1 (64) Chigaev,M (2531)-Bai,J (2544) Groningen 2016}) 9. Nb5 {[%emt 0:03:38]} Kd7 $1 {[%emt 0:08:00]} 10. e3 $146 {[%emt 0:02:10]} ({White should play} 10. Ne5+ $1 $14 Nxe5 11. dxe5) ({Predecessor:} 10. Ng5 e6 11. e3 Bb4+ 12. Nc3 {1-0 (22) Giudici,A (1999)-Porzio,M (1901) Asti 2009}) 10... Nh5 {[%emt 0:01:39]} (10... e6 $11) 11. Nc7 {[%emt 0:01:31] Double Attack} Ra7 {[%emt 0:00:54]} 12. Nxd5 {[%emt 0:00:08]} Nxf4 {[%emt 0:00:21]} 13. Nxf4 {[%emt 0:00:32]} e6 {[%emt 0:00:21]} 14. Be2 {[%emt 0:00:22]} Bb4+ {[%emt 0:00:17]} 15. Kf1 {[%emt 0:00:30]} Bd6 {[%emt 0:01:31]} 16. Nd3 {[%emt 0:00:02]} f6 {[%emt 0:00:24]} 17. g3 {[%emt 0:02:09]} Ke7 {[%emt 0:00:31]} 18. Kg2 {[%emt 0:00:25]} Rd8 {[%emt 0:00:06]} 19. Rhd1 {[%emt 0:00:12]} Nb4 {[%emt 0:00:13]} 20. Nxb4 {[%emt 0:01:03]} Bxb4 {[%emt 0:00:03]} 21. Rac1 {[%emt 0:00:29]} Bd6 {[%emt 0:00:08]} 22. e4 {[%emt 0:00:49]} e5 {[%emt 0:00:28]} 23. Rd3 {[%emt 0:01:12]} Bd7 {[%emt 0:00:10]} 24. dxe5 {[%emt 0:00:42]} fxe5 {[%emt 0:00:12]} 25. Nd2 {[%emt 0:00:43]} Bb5 {[%emt 0:00:03]} 26. Nc4 {[%emt 0:00:03]} Bxc4 {[%emt 0:00:14]} 27. bxc4 {[%emt 0:01:32]} Raa8 {[%emt 0:00:07]} (27... Bc5 $16) 28. c5 {[%emt 0:00:39]} Bc7 {[%emt 0:00:01]} 29. c6 {[%emt 0:00:30]} ({White should try} 29. Rd5 $18) 29... bxc6 {[%emt 0:00:13]} 30. Rxc6 {[%emt 0:00:10]} Rxd3 {[%emt 0:00:02]} 31. Bxd3 {[%emt 0:00:31]} Kd7 {[%emt 0:00:01]} 32. Rxa6 {[%emt 0:00:28]} Rxa6 {[%emt 0:00:01]} 33. Bxa6 {[%emt 0:00:51]} Bb6 {[%emt 0:00:11]} 34. f4 {[%emt 0:00:25]} Kd6 {[%emt 0:00:18]} 35. Kf3 {[%emt 0:00:08]} Bd4 {[%emt 0:00:23]} 36. b3 {[%emt 0:00:10]} exf4 {[%emt 0:00:04]} 37. gxf4 {[%emt 0:00:04]} Bg1 {[%emt 0:00:06]} 38. h4 {[%emt 0:00:20]} Bc5 {[%emt 0:00:13]} 39. Bc4 {[%emt 0:00:13]} Bb4 {[%emt 0:00:14]} 40. e5+ {[%emt 0:00:07]} Ke7 {[%emt 0:00:05]} 41. Ke4 {[%emt 0:00:07]} Be1 {[%emt 0:00:07]} 42. h5 {[%emt 0:00:05]} Bd2 {[%emt 0:00:06] [#]} 43. h6 $1 {[%emt 0:02:47]} gxh6 {[%emt 0:00:29]} 44. f5 {[%emt 0:00:05]} h5 {[%emt 0:00:19]} 45. f6+ {[%emt 0:00:14]} Kf8 {[%emt 0:00:09]} 46. e6 {[%emt 0:00:16]} Bb4 {[%emt 0:00:10]} 47. Kd5 {[%emt 0:00:43]} h4 {[%emt 0:00:06]} 48. Kc6 {[%emt 0:00:01]} h3 {[%emt 0:00:10]} 49. Kd7 {[%emt 0:00:08]} h2 {[%emt 0:00:10]} 50. Bd5 $18 {[%emt 0:00:04]} h1=Q {[%emt 0:00:19]} 51. Bxh1 {[%emt 0:00:10]} h5 {[%emt 0:00:01]} 52. Bd5 {[%emt 0:00:14]} h4 {[%emt 0:00:02]} 53. e7+ {[%emt 0:00:06]} Bxe7 {[%emt 0:00:09]} 54. fxe7+ {[%emt 0:00:07]} Kg7 {[%emt 0:00:05]} 55. e8=Q {[%emt 0:00:13]} h3 {[%emt 0:00:08]} 56. Be4 {[%emt 0:00:29]} Kf6 {[%emt 0:00:17]} 57. Qe7# {[%emt 0:00:15]} 1-0